The treasures and dynasties of China / (Record no. 23117)
[ view plain ]
| 000 -LEADER | |
|---|---|
| fixed length control field | 00957nam a2200301 4500 |
| 001 - CONTROL NUMBER | |
| control field | 23117 |
| 003 - CONTROL NUMBER IDENTIFIER | |
| rucl marc code | BD-RjUL |
| 005 - DATE AND TIME OF LATEST TRANSACTION | |
| control field | 20211209000907.0 |
| 008 - FIXED-LENGTH DATA ELEMENTS--GENERAL INFORMATION | |
| fixed length control field | 140310s1973 enkab b 001 0 eng |
| 020 ## - INTERNATIONAL STANDARD BOOK NUMBER | |
| International Standard Book Number | 0224009257 |
| 035 ## - SYSTEM CONTROL NUMBER | |
| System control number | (BD-RjUL)23182 |
| 040 ## - CATALOGING SOURCE | |
| Original cataloging agency | DLC |
| Transcribing agency | DLC |
| Modifying agency | DLC |
| -- | BD-RjUL |
| Language of cataloging | eng |
| 041 ## - LANGUAGE CODE | |
| Language code of text/sound track or separate title | eng |
| 082 00 - DEWEY DECIMAL CLASSIFICATION NUMBER | |
| Classification number | 915.103 |
| Author mark and year | GAT 1973 |
| 100 1# - MAIN ENTRY--PERSONAL NAME | |
| Personal name | Gascoigne, Bamber. |
| 9 (RLIN) | 71281 |
| 245 14 - TITLE STATEMENT | |
| Title | The treasures and dynasties of China / |
| Statement of responsibility, etc. | with photographs taken in China by Christina Gascoigne and Derrick Witty. |
| 260 ## - PUBLICATION, DISTRIBUTION, ETC. (IMPRINT) | |
| Place of publication, distribution, etc. | London : |
| Name of publisher, distributor, etc. | Cape, |
| Date of publication, distribution, etc. | c1973. |
| 300 ## - PHYSICAL DESCRIPTION | |
| Pagination | 256 p. : |
| Illustrations | ill. (some col.), map. ; |
| Size | 26 cm. |
| 350 ## - PRICE (NR) (BK AM CF MU VM SE) [OBSOLETE] | |
| Price | £4.95 |
| 504 ## - BIBLIOGRAPHY, ETC. NOTE | |
| Bibliography, etc | Bibliography: p. 248-249. and index. |
| 650 #0 - SUBJECT ADDED ENTRY--TOPICAL TERM | |
| Topical term or geographic name as entry element | Art, Chinese. |
| 9 (RLIN) | 50549 |
| 651 #0 - SUBJECT ADDED ENTRY--GEOGRAPHIC NAME | |
| Geographic name | China |
| General subdivision | Civilization. |
| 9 (RLIN) | 71282 |
| 700 1# - ADDED ENTRY--PERSONAL NAME | |
| Personal name | Gascoigne, Christina, |
| Dates associated with a name | 1938 or 1939- |
| Relator term | illus. |
| Personal name | Witty, Derrick, |
| Relator term | illus. |
| 942 ## - ADDED ENTRY ELEMENTS (KOHA) | |
| Source of classification or shelving scheme | Dewey Decimal Classification |
| Koha item type | Books |
| Lost status | Source of classification or shelving scheme | Damaged status | Not for loan | Collection code | Permanent Location | Current Location | Shelving location | Date acquired | Source of acquisition | Cost, normal purchase price | Total Checkouts | Full call number | Date last seen | Copy number | Koha item type |
|---|---|---|---|---|---|---|---|---|---|---|---|---|---|---|---|
| Dewey Decimal Classification | Added to bundle | Non-fiction | Central Library, University of Rajshahi | Central Library, University of Rajshahi | Reading Room | 26/05/1975 | Gonathan ware & co. | 4.95 | 915.103 GAT 1973 | 10/03/2014 | C-1 | Books |